Datum a čas kvízu
40
Celkem bodů
Celkový počet nahraných bodů na tomto kvízu bez doplňovacích otázek.
3.
Pořadí na kvízu
Konečné umístění týmu na tomto kvízu.
Zaznamenané odpovědi
| # | Otázka | Odpověď | Body | Výsledky |
|---|---|---|---|---|
| 1. | V úterý byli do pražské zoo př... | (lední) medvědi | 1 | |
| 2. | Buckinghamský palác odhalil v... | D) motýl | 1 | |
| 3. | Jeden z 28 evropských koncertů... | Thirty Seconds to Mars (30 Seconds to Mars) | 1 | |
| 4. | V ženevské pobočce aukční síně... | Michael Schumacher | 1 | |
| 5. | Dvacetiletý atlet Tomáš Habart... | D) na 3 000 m překážek | 1 | |
| 6. | Bájného českého knížete Kroka,... | Krakov | 1 | |
| 7. | Podle pověsti prý zvony z kost... | ve čtvrtek (na Zelený čtvrtek) | 0 | |
| 8. | Před kněžnou Libuší stanuli dv... | A | 1 | |
| 9. | Václav Podbrdský byl kameník,... | A | 1 | |
| 10. | Pokud dokážete určit, co tento... | Stadice | 0 |